[Event "Cappelle op 36th"]
[Site "Cappelle la Grande"]
[Date "2020.02.27"]
[Round "8"]
[White "Wiedenkeller, Michael"]
[Black "Froeyman, Helmut"]
[Result "1/2-1/2"]
[WhiteElo "2455"]
[BlackElo "2251"]
[PlyCount "101"]
[EventDate "2020.02.22"]
[EventType "swiss"]
[EventRounds "9"]
[EventCountry "FRA"]
[SourceTitle "CBM 195 Extra"]
[Source "ChessBase"]
[SourceDate "2020.05.31"]
[SourceVersion "1"]
[SourceVersionDate "2020.05.31"]
[SourceQuality "1"]

1. c4 f5 2. g3 Nf6 3. Bg2 g6 4. d4 Bg7 5. Nc3 0-0 6. Nf3 d6 7. 0-0 c6 8. d5 e5 9. dxe6 Bxe6 10. Qd3 Nbd7 11. Bf4 Nb6 12. b3 d5 13. Ng5 Bc8 14. cxd5 h6 15. Nf3 Nfxd5 16. Be5 Be6 17. Bxg7 Kxg7 18. e4 fxe4 19. Nxe4 Nf6 20. Nd4 Bf7 21. Nc5 Qe7 22. Qc2 Rfe8 23. Rad1 Kh7 24. Qc1 Nbd5 25. a3 Qc7 26. h4 Re7 27. Bf3 Rae8 28. h5 Qc8 29. hxg6+ Bxg6 30. Rfe1 b6 31. Rxe7+ Rxe7 32. Nd3 c5 33. Nf4 Nxf4 34. Qxf4 Rf7 35. Nb5 Ne4 36. Qe3 Ng5 37. Bg2 Nh3+ 38. Bxh3 Qxh3 39. Nd6 Rd7 40. Re1 Qg4 41. Qe5 Qg5 42. Qe6 Qd8 43. Ne4 Rd1 44. Nf6+ Kg7 45. Rxd1 Qxd1+ 46. Kg2 Bf7 47. Qe7 Qxb3 48. Nh5+ Kg8 49. Nf6+ Kg7 50. Nh5+ Kg8 51. Nf6+ 1/2-1/2

[Event "EU-Cup 35th"]
[Site "Ulcinj"]
[Date "2019.11.13"]
[Round "4.13"]
[White "Wiedenkeller, Michael"]
[Black "Riff, Jean Noel"]
[Result "1/2-1/2"]
[WhiteElo "2458"]
[BlackElo "2514"]
[PlyCount "60"]
[EventDate "2019.11.10"]
[EventType "team-swiss"]
[EventRounds "7"]
[EventCountry "MNE"]
[SourceTitle "CBM 193 Extra"]
[Source "ChessBase"]
[SourceDate "2020.01.31"]
[SourceVersion "1"]
[SourceVersionDate "2020.01.31"]
[SourceQuality "1"]
[WhiteTeam "Echternach Sprenger"]
[BlackTeam "Mulhouse"]
[WhiteTeamCountry "LUX"]
[BlackTeamCountry "FRA"]

1. c4 e5 2. Nc3 Nf6 3. Nf3 Nc6 4. e3 Be7 5. d4 exd4 6. Nxd4 0-0 7. Nc2 d6 8. Be2 Be6 9. e4 Nd7 10. 0-0 f5 11. exf5 Bxf5 12. Ne3 Bg6 13. Ned5 Nf6 14. Be3 Qd7 15. h3 Rae8 16. Qd2 Bd8 17. Rad1 Kh8 18. Nf4 Bf7 19. Ncd5 Ne5 20. Nxf6 Bxf6 21. b3 b6 22. Nh5 Bd8 23. Bd4 Bxh5 24. Bxh5 Ng6 25. Bxg6 hxg6 26. Rfe1 Bf6 27. Rxe8 Rxe8 28. Bxf6 gxf6 29. Qh6+ Qh7 30. Qf4 Qe7 1/2-1/2

[Event "EU-Cup 35th"]
[Site "Ulcinj"]
[Date "2019.11.11"]
[Round "2.17"]
[White "Burg, Twan"]
[Black "Wiedenkeller, Michael"]
[Result "1-0"]
[WhiteElo "2536"]
[BlackElo "2458"]
[PlyCount "91"]
[EventDate "2019.11.10"]
[EventType "team-swiss"]
[EventRounds "7"]
[EventCountry "MNE"]
[SourceTitle "CBM 193 Extra"]
[Source "ChessBase"]
[SourceDate "2020.01.31"]
[SourceVersion "1"]
[SourceVersionDate "2020.01.31"]
[SourceQuality "1"]
[WhiteTeam "Mosan Echiquier"]
[BlackTeam "Echternach Sprenger"]
[WhiteTeamCountry "NED"]
[BlackTeamCountry "LUX"]

1. c4 Nf6 2. Nc3 e6 3. d4 Bb4 4. Qc2 0-0 5. e4 d5 6. e5 Ne4 7. Bd3 c5 8. Nge2 cxd4 9. Nxd4 Nd7 10. Bf4 Qh4 11. g3 Qh5 12. 0-0 Bxc3 13. bxc3 g5 14. cxd5 exd5 15. Be3 Nxe5 16. f3 Nxd3 17. Qxd3 Nd6 18. g4 Qg6 19. Qxg6+ hxg6 20. Bxg5 f6 21. Bh6 Rf7 22. Bf4 Nc4 23. h4 Bd7 24. Kf2 Ne5 25. Kg3 Rc8 26. g5 Rxc3 27. gxf6 Ng4 28. Ne2 Rd3 29. Nc1 Ra3 30. Bd6 Ne3 31. Bxa3 Nxf1+ 32. Kf2 Rxf6 33. Bb2 Rb6 34. Bd4 Rb4 35. Bc3 Rc4 36. Ne2 d4 37. Bxd4 Nd2 38. Rd1 Nxf3 39. Kxf3 Ra4 40. Nc3 Ra3 41. Kf4 b5 42. Be5 Be6 43. Kg5 b4 44. Kf6 bxc3 45. Rd8+ Kh7 46. Kxe6 1-0

[Event "Gothenburg op"]
[Site "Gothenburg"]
[Date "2019.08.17"]
[Round "5"]
[White "Golubka, Petr"]
[Black "Wiedenkeller, Michael"]
[Result "1/2-1/2"]
[WhiteElo "2479"]
[BlackElo "2456"]
[PlyCount "57"]
[EventDate "2019.08.16"]
[EventType "swiss"]
[EventRounds "8"]
[EventCountry "SWE"]
[SourceTitle "CBM 191 Extra"]
[Source "ChessBase"]
[SourceDate "2019.09.30"]
[SourceVersion "1"]
[SourceVersionDate "2019.09.30"]
[SourceQuality "1"]

1. d4 Nf6 2. c4 e6 3. Nc3 Bb4 4. Bg5 h6 5. Bh4 c5 6. d5 exd5 7. cxd5 d6 8. e3 Nbd7 9. Bd3 0-0 10. Nge2 a6 11. 0-0 b5 12. a3 Ba5 13. Qb1 Bb7 14. b4 Bb6 15. Bf5 Qc7 16. Rd1 Rfe8 17. Ra2 Kh8 18. Rad2 Ng8 19. Rc1 Ne5 20. Rdd1 Ne7 21. Be4 Rac8 22. Bg3 Nc4 23. Qa2 Qd7 24. Bd3 cxb4 25. axb4 Nf5 26. Bxf5 Qxf5 27. Nd4 Qd7 28. Bf4 Ne5 29. Bxe5 1/2-1/2

[Event "Gothenburg op"]
[Site "Gothenburg"]
[Date "2019.08.17"]
[Round "6"]
[White "Wiedenkeller, Michael"]
[Black "Le, Quang Long"]
[Result "1-0"]
[WhiteElo "2456"]
[BlackElo "2411"]
[PlyCount "125"]
[EventDate "2019.08.16"]
[EventType "swiss"]
[EventRounds "8"]
[EventCountry "SWE"]
[SourceTitle "CBM 191 Extra"]
[Source "ChessBase"]
[SourceDate "2019.09.30"]
[SourceVersion "1"]
[SourceVersionDate "2019.09.30"]
[SourceQuality "1"]

1. d4 f5 2. Nc3 Nf6 3. Bg5 g6 4. Bxf6 exf6 5. e3 d5 6. Qf3 Be6 7. Bd3 c6 8. Nge2 Bd6 9. h3 Nd7 10. g4 fxg4 11. hxg4 Bf7 12. Nf4 Nf8 13. 0-0-0 Qe7 14. e4 Bxf4+ 15. Qxf4 Ne6 16. Qe3 0-0-0 17. f4 dxe4 18. Bxe4 Qd6 19. Ne2 Nc7 20. Nc3 Rhe8 21. Qf3 Bg8 22. f5 g5 23. Kb1 Rd7 24. b3 Red8 25. Kb2 Qf8 26. Qf2 Kb8 27. Bf3 Ka8 28. Ne4 Nb5 29. c3 Qa3+ 30. Kb1 Bd5 31. Rc1 Bxe4+ 32. Bxe4 Re7 33. Bd3 Nc7 34. Rhe1 Nd5 35. Bc4 Nf4 36. Rxe7 Qxe7 37. Re1 Qd6 38. Re3 b5 39. Be6 b4 40. Qc2 Kb7 41. Re4 bxc3 42. Qxc3 Ka8 43. Qa5 Qb8 44. Qc5 Qd6 45. Qa5 Qb8 46. Qc5 Qd6 47. Qxd6 Rxd6 48. Bf7 Kb7 49. Kc2 Rd7 50. Be8 Rd8 51. Kc3 Kb6 52. Kc4 a5 53. a3 h6 54. Re7 Rd6 55. Bf7 Rd8 56. Bg6 Nd5 57. Re6 Kc7 58. Kc5 Kb7 59. Be8 Nf4 60. Bxc6+ Kb8 61. Rxf6 h5 62. gxh5 Nxh5 63. Rg6 1-0

[Event "Gothenburg Manhem-A"]
[Site "Gothenburg"]
[Date "2019.08.16"]
[Round "9"]
[White "Blomqvist, Erik"]
[Black "Wiedenkeller, Michael"]
[Result "1/2-1/2"]
[WhiteElo "2507"]
[BlackElo "2456"]
[PlyCount "42"]
[EventDate "2019.08.10"]
[EventType "tourn"]
[EventRounds "9"]
[EventCountry "SWE"]
[EventCategory "8"]
[SourceTitle "CBM 191 Extra"]
[Source "ChessBase"]
[SourceDate "2019.09.30"]
[SourceVersion "1"]
[SourceVersionDate "2019.09.30"]
[SourceQuality "1"]

1. e4 e6 2. d4 d5 3. e5 c5 4. c3 Nc6 5. Nf3 Qb6 6. a3 Bd7 7. b4 cxd4 8. cxd4 Rc8 9. Be3 Nh6 10. Bd3 Ng4 11. 0-0 Be7 12. Qe1 Nxe3 13. fxe3 0-0 14. Nc3 Nb8 15. e4 dxe4 16. Nxe4 Bb5 17. Qe2 Bxd3 18. Qxd3 h6 19. Rac1 Nc6 20. Kh1 Rcd8 21. Rcd1 Rd7 1/2-1/2

[Event "Gothenburg op"]
[Site "Gothenburg"]
[Date "2019.08.16"]
[Round "3"]
[White "Welin, Mats Erik Thomas"]
[Black "Wiedenkeller, Michael"]
[Result "0-1"]
[WhiteElo "2310"]
[BlackElo "2456"]
[PlyCount "64"]
[EventDate "2019.08.16"]
[EventType "swiss"]
[EventRounds "8"]
[EventCountry "SWE"]
[SourceTitle "CBM 191 Extra"]
[Source "ChessBase"]
[SourceDate "2019.09.30"]
[SourceVersion "1"]
[SourceVersionDate "2019.09.30"]
[SourceQuality "1"]

1. e4 e6 2. d4 d5 3. Nc3 Nf6 4. e5 Nfd7 5. f4 c5 6. Nf3 Nc6 7. Be3 Rb8 8. Qd2 Qa5 9. Be2 b5 10. 0-0 b4 11. Nd1 cxd4 12. Nxd4 Nxd4 13. Bxd4 Bc5 14. Ne3 Bxd4 15. Qxd4 Qc5 16. Rfd1 0-0 17. g3 Qxd4 18. Rxd4 Nc5 19. Kf1 Bd7 20. a3 bxa3 21. b3 Bb5 22. Rxa3 a6 23. Ra5 Rb6 24. Bxb5 axb5 25. Rb4 Rfb8 26. c4 d4 27. Nc2 d3 28. Ne3 Ne4 29. Raxb5 Rxb5 30. cxb5 Nc3 31. b6 Kf8 32. Ke1 Rd8 0-1

[Event "Gothenburg op"]
[Site "Gothenburg"]
[Date "2019.08.16"]
[Round "4"]
[White "Wiedenkeller, Michael"]
[Black "Ahlander, Bjorn"]
[Result "1-0"]
[WhiteElo "2456"]
[BlackElo "2390"]
[PlyCount "87"]
[EventDate "2019.08.16"]
[EventType "swiss"]
[EventRounds "8"]
[EventCountry "SWE"]
[SourceTitle "CBM 191 Extra"]
[Source "ChessBase"]
[SourceDate "2019.09.30"]
[SourceVersion "1"]
[SourceVersionDate "2019.09.30"]
[SourceQuality "1"]

1. d4 Nf6 2. c4 e6 3. Nc3 Bb4 4. Qc2 d5 5. a3 Bxc3+ 6. Qxc3 0-0 7. Nf3 dxc4 8. Qxc4 b6 9. Bg5 Ba6 10. Qa4 Qd7 11. Qxd7 Nbxd7 12. e3 Bxf1 13. Rxf1 c5 14. Ke2 Rac8 15. Rac1 h6 16. Bf4 Rfd8 17. dxc5 Nxc5 18. Rfd1 Nd5 19. Bg3 Nb3 20. Rxc8 Rxc8 21. Nd4 Nxd4+ 22. Rxd4 f5 23. Kd2 b5 24. f3 a6 25. e4 fxe4 26. fxe4 Nb6 27. b3 Rc6 28. Rd6 Rxd6+ 29. Bxd6 Nd7 30. Kc3 e5 31. Kb4 Kf7 32. Ka5 Ke6 33. Bb4 Nb8 34. Kb6 Kd7 35. Bf8 h5 36. Bxg7 Nc6 37. Kxa6 Nd4 38. Bxe5 Nxb3 39. Kxb5 Nd2 40. a4 Nxe4 41. a5 Ke6 42. a6 Kxe5 43. a7 Nd6+ 44. Kc6 1-0

[Event "Gothenburg Manhem-A"]
[Site "Gothenburg"]
[Date "2019.08.14"]
[Round "6"]
[White "Wiedenkeller, Michael"]
[Black "Lindgren, Philip"]
[Result "1/2-1/2"]
[WhiteElo "2456"]
[BlackElo "2362"]
[PlyCount "53"]
[EventDate "2019.08.10"]
[EventType "tourn"]
[EventRounds "9"]
[EventCountry "SWE"]
[EventCategory "8"]
[SourceTitle "CBM 191 Extra"]
[Source "ChessBase"]
[SourceDate "2019.09.30"]
[SourceVersion "1"]
[SourceVersionDate "2019.09.30"]
[SourceQuality "1"]

1. Nf3 d5 2. g3 g6 3. Bg2 Bg7 4. d4 Nh6 5. 0-0 Nf5 6. c3 Nd7 7. e4 dxe4 8. Ng5 Nd6 9. Nxe4 Nxe4 10. Bxe4 0-0 11. Bg2 c6 12. Bg5 h6 13. Be3 e5 14. d5 cxd5 15. Qxd5 Nb6 16. Qxd8 Rxd8 17. Na3 Nd5 18. Rad1 Be6 19. Bc1 Bf8 20. c4 Nb4 21. Bxb7 Rxd1 22. Rxd1 Rb8 23. Bd5 Nxd5 24. cxd5 Rd8 25. Nc4 Rxd5 26. Rxd5 Bxd5 27. b3 1/2-1/2